000
00329nam a2200133Ia 4500
005
20251222155147.0
008
251222s9999||||xx |||||||||||||| ||spa||
082
_a
NUT. 11
100
_a
OLIVARES Sonia.
245
0
_a
Nutrición - Prevención de Riesgos Dietéticos
250
_a
1ra. ed.
264
_b
Conelanid
942
_c
LIB
999
_c
39417
_d
39417